Score 0/22 Timer 01:30
3 Plays Today
Hint Answer % Correct
Change the TDoe
89.6%
Change the TFoe
89.5%
Change the THoe
88.7%
Change the OTie
87.5%
Change the TRoe
86.9%
Change the TWoe
86%
Change the OTae
82.5%
Change the OTee
80.5%
Change the ETop
80.1%
Change the ETon
78.9%
Change the ETom
77.1%
Hint Answer % Correct
Change the ETod
77%
Change the ETog
76.4%
Change the TJoe
76.2%
Change the OThe
73.7%
Change the ETot
73.1%
Change the ETor
72.4%
Change the ETow
72.4%
Change the TVoe
70.5%
Change the EToo
68.3%
Change the EToy
65.2%
Change the OTye
57%
Remove Ads.
Support Sporcle.
Get the best of Sporcle when you Go Orange. This ad-free experience offers more features, more stats, and more fun while also helping to support Sporcle. Thank you for becoming a member.

You're not logged in!

Compare scores with friends on all Sporcle quizzes.
OR
Log In

Show Comments

Extras

Top Quizzes Today


Score Distribution

Your Account Isn't Verified!

In order to create a playlist on Sporcle, you need to verify the email address you used during registration. Go to your Sporcle Settings to finish the process.

Report this User

Report this user for behavior that violates our Community Guidelines.

Details: